damai : (Record no. 190328)

MARC details
000 -LEADER
fixed length control field 00744nam a2200217 i 4500
005 - DATE AND TIME OF LATEST TRANSACTION
control field 20221201105116.0
008 - FIXED-LENGTH DATA ELEMENTS--GENERAL INFORMATION
fixed length control field 221201q my ao g 000 0 may d
020 ## - INTERNATIONAL STANDARD BOOK NUMBER
Qualifying information paperback
040 ## - CATALOGING SOURCE
Original cataloging agency PPAK
Language of cataloging eng
Transcribing agency PPAK
Description conventions rda
082 04 - DEWEY DECIMAL CLASSIFICATION NUMBER
Edition number 23
Classification number 808.882
090 00 - LOCALLY ASSIGNED LC-TYPE CALL NUMBER (OCLC); LOCAL CALL NUMBER (RLIN)
Classification number (OCLC) (R) ; Classification number, CALL (RLIN) (NR) 808.882
Feature heading DAM
Feature heading KK
245 00 - TITLE STATEMENT
Title damai :
Remainder of title URUS HATI DAN KEHIDUPAN : Adab Dulu Baru Ilmu : Meraih Bahagia dengan Barakah
264 #1 - PRODUCTION, PUBLICATION, DISTRIBUTION, MANUFACTURE, AND COPYRIGHT NOTICE
Place of production, publication, distribution, manufacture Petaling Jaya, Selangor :
Name of producer, publisher, distributor, manufacturer Bonda Nor Sdn. Bhd. ,
Date of production, publication, distribution, manufacture, or copyright notice [2022?]
300 ## - PHYSICAL DESCRIPTION
Extent 120 pages :
Other physical details colour illustrations, colour photographs ;
Dimensions 21 cm
336 ## - CONTENT TYPE
Content type term text
Source rdacontent
337 ## - MEDIA TYPE
Media type term unmediated
Source rdamedia
338 ## - CARRIER TYPE
Carrier type term volume
Source rdacarrier
650 10 - SUBJECT ADDED ENTRY--TOPICAL TERM
Topical term or geographic name entry element Motivation (Psychology)
Form subdivision Anecdotes
Topical term or geographic name entry element Successful people
Form subdivision Anecdotes
942 ## - ADDED ENTRY ELEMENTS (KOHA)
Source of classification or shelving scheme Dewey Decimal Classification
Koha item type Book
Holdings
Withdrawn Not for loan Current library Shelving location Date acquired Total Checkouts Full call number Barcode Date last seen Koha item type
  Not For Loan Perpustakaan Alor Setar Koleksi Kedah 27/11/2022   KK 808.882 DAM A00367347 04/12/2022 Book